Rakshā ke sūtra. (Record no. 81672)

MARC details
000 -LEADER
fixed length control field 00480cam a22002051 4500
001 - CONTROL NUMBER
control field sa 68007158
003 - CONTROL NUMBER IDENTIFIER
control field DLC
005 - DATE AND TIME OF LATEST TRANSACTION
control field 20260227112521.0
008 - FIXED-LENGTH DATA ELEMENTS--GENERAL INFORMATION
fixed length control field 881102s1968 xx 000 0 hino
010 ## - LIBRARY OF CONGRESS CONTROL NUMBER
LC control number sa 68007158
035 ## - SYSTEM CONTROL NUMBER
System control number (OCoLC)23558780
040 ## - CATALOGING SOURCE
Original cataloging agency DLC
Transcribing agency MiU
Modifying agency DLC
042 ## - AUTHENTICATION CODE
Authentication code premarc
050 00 - LIBRARY OF CONGRESS CALL NUMBER
Classification number PK2098.O5
Item number R3
100 0# - MAIN ENTRY--PERSONAL NAME
Personal name Onkarnath Dinkar,
Dates associated with a name 1912-
245 10 - TITLE STATEMENT
Title Rakshā ke sūtra.
260 ## - PUBLICATION, DISTRIBUTION, ETC.
Date of publication, distribution, etc. [1968]
300 ## - PHYSICAL DESCRIPTION
Extent 134 p.
Dimensions 19 cm.
500 ## - GENERAL NOTE
General note Romanized.

No items available.

Powered by Koha